| 000 | 01185nam a2200253 i 4500 | ||
|---|---|---|---|
| 001 | 182550 | ||
| 003 | ES-MaACL | ||
| 005 | 20250716052853.0 | ||
| 008 | 130926s1870 sp a | |||||||| | spa d | ||
| 080 | _a908(460.189) | ||
| 080 | _a94(460.189) | ||
| 080 | _a94(460) | ||
| 100 | 1 |
_aFulgosio, Fernando. _952994 |
|
| 245 | 1 | 0 |
_aCrónica de la provincia de Ávila / _cpor Fernando Fulgosio. |
| 260 |
_aMadrid : _bRubio, Grilo y Vitturi, _c1870. |
||
| 300 |
_aVI, 64 p., [3] h., de lám., [1] h. de mapas : _bil. ; _c33 cm. |
||
| 490 | 1 | _aCrónica general de España, o sea historia ilustrada y descriptiva de sus provincias, sus poblaciones más importantes de la península y de ultramar / [dirigida por Cayetano Rosell] | |
| 651 | 4 |
_aÁvila (Provincia)- _xHistoria. _9153437 |
|
| 651 | 4 |
_aÁvila (Provincia)- _xDescripción. _9153438 |
|
| 700 | 1 |
_aRosell, Cayetano, _d1817-1883 _999681 |
|
| 830 | 0 |
_aCrónica general de España, o sea Historia ilustrada y descriptiva de sus provincias, sus poblaciones más importantes de la península y posesiones de Ultramar _9224862 |
|
| 852 |
_aES-MaACL _jC-1573(1).- _zEncuadernado con otras obras |
||
| 999 |
_c182550 _d182550 |
||